00367nam a22001457a 4500003000400000005001700004008004100021020001800062040000700080082001100087100002800098245005600126260003100182300000800213OSt20210827111350.0210827b |||||||| |||| 00| 0 eng d a0-444-70404-3 chu a519.53 a edited by HANS H. BOCK aClassification and Related Methods of Data Analysis aNEW YORKbNorth-Hollc1987 a748